University physics with modern physics : (Record no. 13867)
[ view plain ]
| 000 -LEADER | |
|---|---|
| fixed length control field | 00600nam a22002057a 4500 |
| 003 - CONTROL NUMBER IDENTIFIER | |
| control field | OSt |
| 005 - DATE AND TIME OF LATEST TRANSACTION | |
| control field | 20140310182507.0 |
| 008 - FIXED-LENGTH DATA ELEMENTS--GENERAL INFORMATION | |
| fixed length control field | 130604t xxu||||| |||| 00| 0 eng d |
| 020 ## - INTERNATIONAL STANDARD BOOK NUMBER | |
| International Standard Book Number | 978654321 |
| 050 ## - LIBRARY OF CONGRESS CALL NUMBER | |
| Classification number | QC 23.2 |
| Item number | .Y68 1996 |
| 082 ## - DEWEY DECIMAL CLASSIFICATION NUMBER | |
| Classification number | M 530 |
| Item number | Y8 1996 |
| 100 ## - MAIN ENTRY--PERSONAL NAME | |
| Personal name | Hugh Young. |
| 9 (RLIN) | 8915 |
| 245 ## - TITLE STATEMENT | |
| Title | University physics with modern physics : |
| Statement of responsibility, etc | Young, Hugh D.; Freedman, Roger A. |
| 250 ## - EDITION STATEMENT | |
| Edition statement | 9th ed. |
| 260 ## - PUBLICATION, DISTRIBUTION, ETC. (IMPRINT) | |
| Place of publication, distribution, etc | Massachusetts : |
| Name of publisher, distributor, etc | Addison-Wesley Publishing Company, Inc., |
| Date of publication, distribution, etc | c1996. |
| 300 ## - PHYSICAL DESCRIPTION | |
| Extent | 1484 p. |
| Other physical details | ill. ; |
| Dimensions | 25 cm. |
| 662 ## - SUBJECT ADDED ENTRY--HIERARCHICAL PLACE NAME | |
| Country or larger entity | Physics |
| 9 (RLIN) | 8916 |
| 942 ## - ADDED ENTRY ELEMENTS (KOHA) | |
| Source of classification or shelving scheme | Library of Congress Classification |
| Koha item type | |
| Withdrawn status | Lost status | Source of classification or shelving scheme | Damaged status | Home library | Current library | Shelving location | Date acquired | Total Checkouts | Full call number | Barcode | Date last seen | Copy number | Price effective from | Koha item type |
|---|---|---|---|---|---|---|---|---|---|---|---|---|---|---|
| Library of Congress Classification | South SEED-LPDH College Library | South SEED-LPDH College Library | South SEED-LPDH College Section | 08/07/2013 | QC 23.2 .Y68 1996 | SSLC0608 | 05/15/2018 | 1 | 08/07/2013 | Books |